[Event "Roux CREC op"]
[Site "Roux"]
[Date "2009.07.27"]
[Round "4"]
[White "Vande Venne, Peter"]
[Black "Oger, Daniel"]
[Result "0-1"]
[WhiteElo "1804"]
[BlackElo "1904"]
[PlyCount "82"]
[EventDate "2009.07.25"]
[EventType "swiss"]
[EventRounds "9"]
[EventCountry "BEL"]
[SourceTitle "EXT 2010"]
[Source "ChessBase"]
[SourceDate "2010.11.25"]
[SourceVersion "1"]
[SourceVersionDate "2010.11.25"]
[SourceQuality "1"]

1. d4 d5 2. c4 c6 3. Nc3 Nf6 4. Nf3 dxc4 5. a4 Bf5 6. Ne5 e6 7. e3 Bb4 8. Bxc4 Ne4 9. Bd2 Nxd2 10. Qxd2 Nd7 11. Nd3 Ba5 12. 0-0 Nb6 13. Bb3 Nd5 14. Rfe1 0-0 15. e4 Nxc3 16. bxc3 Bg6 17. Ne5 Qe7 18. f4 Rad8 19. Qe3 Qf6 20. Nxg6 Qxg6 21. e5 c5 22. Red1 cxd4 23. cxd4 Rd7 24. Rd3 Rfd8 25. Rad1 Qg4 26. Qe4 Bb6 27. Kh1 g6 28. d5 exd5 29. Bxd5 Kg7 30. e6 fxe6 31. Qe5+ Kf7 32. f5 exd5 33. fxg6+ hxg6 34. Rf1+ Kg8 35. Rh3 Rg7 36. Rhf3 Qe4 37. Qf6 Qe7 38. Qf4 Rh7 39. Qd2 Bc7 40. g3 Qe4 41. Kg2 Rf7 0-1